| 000 | 01619nam a22002777a 4500 | ||
|---|---|---|---|
| 999 |
_c6417 _d6417 |
||
| 003 | AR-CdUCM | ||
| 008 | 190315b ||||| |||| 00| 0 spa d | ||
| 040 |
_aMUNICIPALIDAD PROVINCIAL DEL CUSCO _cBIBLIOTECA MUNICIPAL DEL CUSCO |
||
| 082 |
_a030 / _bD98 |
||
| 110 |
_aEdiciones Durvan _918235 |
||
| 245 |
_aGran Enciclopedia del Mundo / _bbajo los auspicios de Ramón Menéndez Pidal y la colaboración especial de 19 premios Nobel / |
||
| 260 |
_aBilbao : _bDurvan, _bMarín, _c1964. |
||
| 300 |
_a20 tomos : _bilustraciones, mapas, cuadros, _c25cm. |
||
| 500 | _aGran Enciclopedia del Mundo Tomo XV tapa del libro dañado para taller | ||
| 505 | _aContenido: t.1: A a Andamán -- t.2. Andarai a Ayuthia -- t.3. Ayutla a Buceo -- t.4. Bucer a Cerusita -- t.5. Cervantes a Crosopterigios -- t.6. Cross a Eco -- t.7. Ecolalia a Españoleto -- t.8. Espárrago a Francio -- t.9. Francis a Gutagamba -- t.11. Intoxicación a Linotipia -- t12. Lins a Metepec -- t.13 Metge a Nitrogenoideos -- Nitrogenoideos a Pericraneo -- t.5 Peripotita a quimica general -- t.16. Química tecnológica a Santaella -- t.17. Santa Eufemia a Templarios -- t.18. Temple a Vía láctea -- t.19. Viale a Zyl. Metrología, índice y mapas -- t.20. Lexico Español port.- ingl.-fra.- alem.-ital.-ruso -- | ||
| 650 |
_aEnciclopedias _96681 |
||
| 650 |
_aDiccionarios _95105 |
||
| 650 |
_aMundial _911401 |
||
| 650 |
_aLiteratura _983 |
||
| 650 |
_aColección _92826 |
||
| 650 |
_aUniversal _918236 |
||
| 700 |
_aBiosca, Francsico (director) _918237 |
||
| 700 |
_aRodrigo, Luis (producción) _918238 |
||
| 942 |
_2ddc _cLIBROS |
||
| 945 | _apjha | ||